Kerényi professzor előadása Vinkler László képkiállításán
Elmentve itt :
| Dokumentumtípus: | Cikk |
|---|---|
| Megjelent: |
1942-12-22
|
| Sorozat: | Délmagyarország
18 No. 290 |
| Kulcsszavak: | Kerényi Károly, Vinkler László, Előadás Szeged 1942, Kiállítás Vinkler László Szeged 1942, Szeged |
| Online Access: | http://dmarchiv.bibl.u-szeged.hu/33959 |
| LEADER | 00531nab a2200145 i 4500 | ||
|---|---|---|---|
| 001 | delm33959 | ||
| 005 | 20180927112914.0 | ||
| 008 | 180927s1942 hu o 0|| hun d | ||
| 040 | |a SZTE Délmagyarország Archívum |b hun | ||
| 041 | |a hun | ||
| 245 | 0 | 0 | |a Kerényi professzor előadása Vinkler László képkiállításán |h [elektronikus dokumentum] |
| 260 | |c 1942-12-22 | ||
| 300 | |a 6 | ||
| 490 | 0 | |a Délmagyarország |v 18 No. 290 | |
| 695 | |a Kerényi Károly, Vinkler László, Előadás Szeged 1942, Kiállítás Vinkler László Szeged 1942, Szeged | ||